The use of relevant cost analysis in identifying thresholds of production viability post CAP reform (Record no. 107491)
[ view plain ]
| 000 -LEADER | |
|---|---|
| fixed length control field | 01649cai a22002175a 4500 |
| 001 - CONTROL NUMBER | |
| control field | L140358 |
| 008 - FIXED-LENGTH DATA ELEMENTS--GENERAL INFORMATION | |
| fixed length control field | 070919e20070417xxk f 100 0 eng d |
| 035 ## - SYSTEM CONTROL NUMBER | |
| System control number | (Sirsi) u140358 |
| 041 0# - LANGUAGE CODE | |
| Language code of text/sound track or separate title | eng |
| 050 04 - LIBRARY OF CONGRESS CALL NUMBER | |
| Classification number | 636.1609429 $2 22 |
| 111 2# - MAIN ENTRY--MEETING NAME | |
| Meeting name or jurisdiction name as entry element | Roots Rural Research Conference 2007 |
| Location of meeting | RICS, London |
| Date of meeting or treaty signing | 17 April 2007 |
| 245 04 - TITLE STATEMENT | |
| Title | The use of relevant cost analysis in identifying thresholds of production viability post CAP reform |
| Medium | [electronic resource] |
| 260 ## - PUBLICATION, DISTRIBUTION, ETC. | |
| Place of publication, distribution, etc. | London |
| Name of publisher, distributor, etc. | RICS |
| Date of publication, distribution, etc. | 2007 |
| 520 ## - SUMMARY, ETC. | |
| Summary, etc. | The removal of production-related subsidies has left many farm enterprises with net margins that show a substantial loss. Asks whether this makes production unviable or whether it is time to look at costs in another way. Uses relevant cost analysis to determine whether there is an economic rationale for continuing to produce once costs that are unaffected by the decision are taken out of contention. Calculates relevant margins from industry costings for combinable crop, beef and sheep enterprises for 2004/5. Shows that it is only the beef enterprises that look financially unviable. Argues that relevant cost analysis not only provides a very useful aid to farm level decision-making but also represents a very useful tool for guiding policy makers and industry analysts on the vulnerability of production and the potential for resultant structural changes. |
| 590 ## - LOCAL NOTE (RLIN) | |
| Local note | ka |
| 651 #4 - SUBJECT ADDED ENTRY--GEOGRAPHIC NAME | |
| Geographic name | England and Wales |
| Chronological subdivision | 1543- |
| 690 ## - LOCAL SUBJECT ADDED ENTRY--TOPICAL TERM (OCLC, RLIN) | |
| Topical term or geographic name as entry element | RURAL-FARM BUSINESS MANAGEMENT |
| 700 1# - ADDED ENTRY--PERSONAL NAME | |
| Personal name | Jones, James V.H. |
| 856 48 - ELECTRONIC LOCATION AND ACCESS | |
| Uniform Resource Identifier | <a href="https://www.rics.org/site/scripts/download_info.aspx?downloadID=3190">https://www.rics.org/site/scripts/download_info.aspx?downloadID=3190</a> |
| Public note | View this article free of charge at www.rics.org... |
| 942 ## - ADDED ENTRY ELEMENTS (KOHA) | |
| Suppress in OPAC | 0 |
| Withdrawn status | Lost status | Source of classification or shelving scheme | Damaged status | Not for loan | Home library | Current library | Shelving location | Date acquired | Total Checkouts | Full call number | Barcode | Date last seen | Copy number | Price effective from | Koha item type |
|---|---|---|---|---|---|---|---|---|---|---|---|---|---|---|---|
| Dewey Decimal Classification | Virtual | Virtual | Online | 19/09/2007 | ONLINE PUBLICATION | 140358-1001 | 06/08/2019 | 1 | 06/08/2019 | Book |